| 000 | 01133nam a2200241 a 4500 | ||
|---|---|---|---|
| 001 | 40508 | ||
| 003 | BD-RjUL | ||
| 005 | 20211209053230.0 | ||
| 008 | 160503s2001 bg ||||| |||| 00| 0 ben d | ||
| 020 | _c: TK 80.00 | ||
| 035 | _a(BD-RjUL)40623 | ||
| 040 |
_aBD-RjUL _bben _cBD-RjUL |
||
| 041 | _aben | ||
| 082 |
_223 _a297.124 _bALH 2001 |
||
| 100 |
_aআল-খাওলী, মুহাম্মদ আব্দুল আযীয _9124760 |
||
| 245 | 1 | 0 |
_aহাদীস শাস্ত্রের ইতিবৃত্ত / _cমুহাম্মদ আব্দুল আযীয আল-খাওলী ; অনুবাদ ও সম্পাদনা মুহাম্মদ শফিকুল্লাহ |
| 260 |
_aরাজশাহী : _bআল-মাকতাবাতুশ-শাফিয়া, _c২০০১ |
||
| 300 |
_a[১০], ১৮২ পৃ. ; _c২২ সেমি. |
||
| 650 |
_aহাদিস _9122348 |
||
| 650 |
_aHadith _9124761 |
||
| 700 |
_aশফিকুল্লাহ, মুহাম্মদ, অনুবাদ ও সম্পাদনা _9124762 |
||
| 942 |
_2ddc _cBK _05 |
||
| 999 |
_c40508 _d40508 |
||